01364nam a2200349 a 4500001001000000003000500010005001700015008004100032010001100073011001100084040000900095090001000104100004200114245015600156260004100312500006000353502009000413590004100503590004000544590004000584590004000624650002900664650003300693650002900726650003300755856007000788901000700858942001000865942000600875999001900881952011400900000116127CHAP20220902172657.0190913s2019 mx | |sm |||||||spa d a112588 a113560 cCHAP aTesis1 aHernández Pérez, Gamaliel913686710aSituación actual de la producción y comercialización de sorgo y maíz en el norte de Tamaulipash[En línea]cpor Gamaliel Hernández Pérez. aChapingo, Méx. :bEl autor,c2019. aPara ver el contenido del material haga clic en la liga aTesis (Ingeniero Agroindustrial) -- UACH. Departamento de Ingeniería Agroindustrial aBATCH-UPDb05c20190913lUCH01h1520 aE6337LMJb05c20190913lUCH01h1519 aE6337LMJb05c20190913lUCH01h1520 aE6337LMJb05c20190913lUCH01h152114aMaízxMercadeo.97100714aMaízxProducción.97104114aSorgoxMercadeo.910869514aSorgoxProducción.9108709 aFinding aiduhttp://10.13.5.2/tesis/sist116127.pdfzTeclea aquí aBK cTESIS n0 c112588d112588 00102local40718TESISaBCbBCd2019-09-13fTESISl0oTesisp116139-10r2019-12-31 00:00:00w2019-09-13yCD